| 000 -LEADER |
| fixed length control field |
00374cam a22001337a 4500 |
| 008 - FIXED-LENGTH DATA ELEMENTS--GENERAL INFORMATION |
| fixed length control field |
180718b1985 xxu||||| |||| 00| 0 eng d |
| 082 ## - DEWEY DECIMAL CLASSIFICATION NUMBER |
| Classification number |
BA27x54 C333 |
| 245 ## - TITLE STATEMENT |
| Title |
Caste, caste conflict and reservations |
| Statement of responsibility, etc. |
by I.P. Desai et.al. |
| 260 ## - PUBLICATION, DISTRIBUTION, ETC. |
| Place of publication, distribution, etc. |
Delhi |
| Name of publisher, distributor, etc. |
Ajanta |
| Date of publication, distribution, etc. |
1985 |
| 300 ## - PHYSICAL DESCRIPTION |
| Extent |
212p. |
| 650 ## - SUBJECT ADDED ENTRY--TOPICAL TERM |
| Topical term or geographic name entry element |
Caste --India. |
| 700 ## - ADDED ENTRY--PERSONAL NAME |
| Personal name |
Centre for Social Studies |
| 700 ## - ADDED ENTRY--PERSONAL NAME |
| Personal name |
Desai, I.P. |